| 000 | 00971nam a2200289 a 4500 | ||
|---|---|---|---|
| 999 |
_c4499 _d4499 |
||
| 001 | 4784698 | ||
| 003 | GZU | ||
| 005 | 20210316111855.0 | ||
| 008 | 870206s1986 rh b 000 0 eng | ||
| 010 | _a 86981332 | ||
| 040 |
_aDLC _cDLC _dDLC |
||
| 043 | _af-rh--- | ||
| 050 | 0 | 0 |
_aPL8014.Z55 _bZ56 1986 |
| 082 | 0 | 0 |
_a896/.39 _219 |
| 100 | 1 | _aZinyemba, Ranga M. | |
| 245 | 1 | 0 |
_aZimbabwean drama : _ba study of Shona and English plays / _cby Ranga M. Zinyemba. |
| 260 |
_aGweru, Zimbabwe : _bMambo Press, _c1986. |
||
| 300 |
_a112 p. ; _c18 cm. |
||
| 440 | 0 |
_aMambo writers series. _pEnglish section ; _vvol. 25 |
|
| 504 | _aBibliography: p. 111-112. | ||
| 650 | 0 |
_aZimbabwean drama _xHistory and criticism. |
|
| 650 | 0 |
_aShona drama _xHistory and criticism. |
|
| 650 | 0 |
_aZimbabwean drama (English) _xHistory and criticism. |
|
| 650 | 0 |
_aTheater and society _zZimbabwe. |
|
| 906 |
_a7 _bcbc _corignew _d2 _encip _f19 _gy-gencatlg |
||
| 942 |
_2lcc _cBK _h8014 _iZIM _kPL _m1986 |
||